000 00896nam a2200229Ia 4500
005 20240530110948.0
008 140319s2021 ua a g 000 0 ara d
017 _bمصر. دار الكتب
_a11034
020 _a9789777334136
040 _aGCL /
_cGCL
082 0 4 _221
_a372.21
_bج أ
100 0 _aجمال على الدهشان
245 1 0 _aاطفالنا والتكنولوجيا الرقمية :
_bالمشكلات والحلول /
_cجمال على الدهشان
250 _aط. 1
260 _aالاسكندرية :
_bدار التعليم الجامعى،
_c2021.
300 _a252 ص. :
_bايض ؛
_c24 سم.
650 0 7 _2qrmak
_aالوعى الاجتماعى
650 0 7 _2qrmak
_aمواقع التواصل الاجتماعى
653 0 _aالاطفال - التكنولوجيا الرقمية
942 _2ddc
_cBK
999 _c66950
_d66950